Communes du canton de Genève - Statistiques

Statistiques générales
  • Ce quiz a été pris 238 fois
  • Le résultat moyen est 14 sur 45
Statistiques - réponses
Par images Réponse % Correct
Genève
99%
Carouge
55%
Lancy
51%
Meyrin
50%
Vernier
48%
Versoix
47%
Veyrier
47%
Bernex
44%
Plan-les-Ouates
44%
Onex
42%
Cologny
38%
Gy
35%
Chêne-Bourg
34%
Le Grand-Saconnex
33%
Thônex
32%
Bardonnex
31%
Chêne-Bougeries
31%
Confignon
28%
Russin
26%
Satigny
26%
Soral
26%
Vandoeuvres
26%
Puplinge
25%
Avusy
24%
Genthod
24%
Laconnex
24%
Hermance
23%
Troinex
23%
Avully
22%
Chancy
22%
Collex-Bossy
22%
Jussy
22%
Meinier
22%
Perly-Certoux
22%
Bellevue
21%
Cartigny
21%
Choulex
21%
Pregny-Chambésy
21%
Aire-la-Ville
19%
Anières
19%
Collonge-Bellerive
19%
Corsier
19%
Dardagny
19%
Presinge
18%
Céligny
16%
Aucun quiz correspondant
Distribution des résultats
% des personnes avec chaque résultat
Percentile par nombre de réponses
Votre historique - résultats
Vous n’avez pas pris ce quiz